000 00587nam a2200193Ia 4500
003 GCL
008 140319s9999 xx 000 0 ara d
040 _aGCL /
_cGCL
082 0 4 _a809.2
_bا ت
100 1 _aابراهيم درديرى
245 1 0 _aتراثنا العربى فى الادب المسرحى الحديث /
_cابراهيم درديرى
300 _a232 ص
490 _a100 قصة
_v0
650 0 4 _aالادب العربى
650 0 4 _aالمذاهب الادبية
650 0 4 _aالدراما
650 0 4 _aالمسرحيات العربية
942 _2ddc
_cBK
999 _c45355
_d45355